Giáo trình địa lý kinh tế Việt Nam

Сохранить в:
Библиографические подробности
Главный автор: Trần Duy Liên
Формат:
Язык:Vietnamese
Опубликовано: 1998
Предметы:
Метки: Добавить метку
Нет меток, Требуется 1-ая метка записи!
Thư viện lưu trữ: Thư viện Trường Đại học Nam Cần Thơ
LEADER 00683nam a22001817a 4500
001 NCT_94957
008 211213b xxu||||| |||| 00| 0 vie d
999 |c 4717  |d 4717 
020 |c 40000 
082 0 4 |2 23rd ed.  |a 330.9597  |b L305 
100 1 |a Trần Duy Liên 
245 1 0 |a Giáo trình địa lý kinh tế Việt Nam  |c Trần Duy Liên 
260 |c 1998 
300 |a 134 tr.  |c 24cm 
653 |a Quản trị DV Du lịch và Lữ hành 
942 |2 ddc  |c BK 
952 |0 0  |1 0  |2 ddc  |4 0  |6 330_959700000000000_L305  |7 0  |9 21881  |a 000001  |b 000001  |d 2021-12-13  |o 330.9597 L305  |p MD.19173  |r 2021-12-13  |v 40000.00  |w 2021-12-13  |y BK 
980 |a Thư viện Trường Đại học Nam Cần Thơ